Statistics for Prime Ministers of Japan

Click here to take the quiz!

General Stats

  • This quiz has been taken 1,691 times
    (647 since last reset)
  • The average score is 29 of 64

Answer Stats

TermPrime Minister% Correct
2006–2007, 2012–2020Shinzo Abe
96%
1939–1940Nobuyuki Abe
93%
1957–1960Nobusuke Kishi
79%
2021–Fumio Kishida
78%
2020–2021Yoshihide Suga
73%
1941–1944Hideki Tojo
68%
2001–2006Junichiro Koizumi
67%
1885–1888Hirobumi Ito
65%
2008–2009Taro Aso
63%
2010–2011Naoto Kan
60%
2009–2010Yukio Hatoyama
59%
1954–1956Ichiro Hatoyama
58%
1964–1972Eisaku Sato
56%
1972–1974Kakuei Tanaka
55%
1927–1929Giichi Tanaka
54%
1946–1947Shigeru Yoshida
54%
1976–1978Takeo Fukuda
54%
2007–2008Yasuo Fukuda
53%
2011–2012Yoshihiko Noda
53%
2000–2001Yoshiro Mori
53%
1945Kantaro Suzuki
52%
1980–1982Zenko Suzuki
52%
1937–1939Fumimaro Konoe
46%
1994–1996Tomiichi Murayama
46%
1982–1987Yasuhiro Nakasone
46%
1998–2000Keizo Obuchi
44%
1996–1998Ryutaro Hashimoto
44%
1901–1906Taro Katsura
44%
1993–1994Morihiro Hosokawa
43%
1945Naruhiko Higashikuni
41%
1987–1989Noboru Takeshita
41%
1960–1964Hayato Ikeda
40%
1994Tsutomu Hata
40%
1913–1914Gonbee Yamamoto
39%
1906–1908Kinmochi Saionji
39%
1898Shigenobu Okuma
39%
1918–1921Takashi Hara
39%
1989–1991Toshiki Kaifu
39%
1974–1976Takeo Miki
38%
1931–1932Tsuyoshi Inukai
38%
1989Sosuke Uno
37%
1889–1891Aritomo Yamagata
36%
1991–1993Kiichi Miyazawa
36%
1888–1889Kiyotaka Kuroda
36%
1921–1922Korekiyo Takahashi
36%
1978–1980Masayoshi Ohira
36%
1956–1957Tanzan Ishibashi
36%
1932–1934Makoto Saito
35%
1937Senjuro Hayashi
35%
1924–1926Takaaki Kato
35%
1922–1923Tomosaburo Kato
35%
1940Mitsumasa Yonai
33%
1947–1948Tetsu Katayama
33%
1948Hitoshi Ashida
31%
1945–1946Kijuro Shidehara
31%
1891–1892Masayoshi Matsukata
31%
1926–1927Reijiro Wakatsuki
31%
1944–1945Kuniaki Koiso
30%
1936–1937Kouki Hirota
29%
1934–1936Keisuke Okada
28%
1939kiichiro Hiranuma
27%
1929–1931Osachi Hamaguchi
27%
1924Keigo Kiyoura
25%
1916–1918Masatake Terauchi
25%

Score Distribution

Percentile by Number Answered

Percent of People with Each Score

Your Score History

You have not taken this quiz since the last reset